Visualizzazione normale
Vista MARC
- Anfossi G., Campanini G., Campiglio L., Collicelli C., Donati P., Santolini L., Soave P., Tettamanzi D
di Personal Name
Records bibliografici associati: 1
001 - CONTROL NUMBER
- control field: 59837
003 - CONTROL NUMBER IDENTIFIER
- control field:
005 - DATE AND TIME OF LATEST TRANSACTION
- control field: 20230327150758.0
008 - FIXED-LENGTH DATA ELEMENTS
- fixed length control field: 230327|| aca||aabn | a|a d
040 ## - CATALOGING SOURCE
- Original cataloging agency:
- Transcribing agency:
100 ## - HEADING--PERSONAL NAME
- Personal name: Anfossi G., Campanini G., Campiglio L., Collicelli C., Donati P., Santolini L., Soave P., Tettamanzi D
670 ## - SOURCE DATA FOUND
- Source citation: Work cat.: ()218087: Boffi Pietro (a cura di) 59835, Cittadinanza alla famiglia in Italia. , 1995